| 000 | 00377pab a2200145 454500 | ||
|---|---|---|---|
| 008 | 180718b1988 xxu||||| |||| 00| 0 eng d | ||
| 100 | _aSrinivasan, N.S. | ||
| 245 | _aRoad safety research and activities | ||
| 260 | _c1988 | ||
| 300 | _a15-23 | ||
| 362 | _aAug. | ||
| 650 | _aRoads - Safety Devices and Measures - India - Kerala | ||
| 773 | _aCivic Affairs | ||
| 909 | _a17281 | ||
| 999 |
_c17281 _d17281 |
||